Central Library OPAC University of Rajshahi

The herald of spring / (Record no. 23150)

MARC details
000 -LEADER
fixed length control field 00698cam a22002531 4500
001 - CONTROL NUMBER
control field 23150
003 - CONTROL NUMBER IDENTIFIER
rucl marc code BD-RjUL
005 - DATE AND TIME OF LATEST TRANSACTION
control field 20211209000910.0
008 - FIXED-LENGTH DATA ELEMENTS--GENERAL INFORMATION
fixed length control field 140310s1957 xx 000 0 eng
035 ## - SYSTEM CONTROL NUMBER
System control number (BD-RjUL)23215
System control number (OCoLC)322990
040 ## - CATALOGING SOURCE
Original cataloging agency DLC
Transcribing agency ODaWU
Modifying agency OCoLC
-- DLC
Language of cataloging eng
041 1# - LANGUAGE CODE
Language code of text/sound track or separate title engben
082 ## - DEWEY DECIMAL CLASSIFICATION NUMBER
Classification number 891.4
Author mark and year TAH 1957
100 1# - MAIN ENTRY--PERSONAL NAME
Personal name Tagore, Rabindranath,
Dates associated with a name 1861-1941.
9 (RLIN) 71368
245 14 - TITLE STATEMENT
Title The herald of spring /
Statement of responsibility, etc. Rabindranath Tagore
260 ## - PUBLICATION, DISTRIBUTION, ETC. (IMPRINT)
Name of publisher, distributor, etc. J. Murray,
Date of publication, distribution, etc. 1957
Place of publication, distribution, etc. London :
300 ## - PHYSICAL DESCRIPTION
Pagination 83 p. ;
Size 14 cm.
490 0# - SERIES STATEMENT
Series statement Wisdom of the East series
700 1# - ADDED ENTRY--PERSONAL NAME
Personal name Bose, Aurobindo,
Relator term tr.
942 ## - ADDED ENTRY ELEMENTS (KOHA)
Source of classification or shelving scheme Dewey Decimal Classification
Koha item type Books
Holdings
Lost status Source of classification or shelving scheme Damaged status Not for loan Collection code Permanent Location Current Location Shelving location Date acquired Source of acquisition Cost, normal purchase price Total Checkouts Full call number Date last seen Copy number Koha item type
  Dewey Decimal Classification   Added to bundle Fiction Central Library, University of Rajshahi Central Library, University of Rajshahi Reading Room 18/01/1958 spalding trust 0.00   891.4 TAH 1957 10/03/2014 C-1 Books